Statistics for Clash of Kings Trivia

Click here to take the quiz!

General Stats

  • This quiz has been taken 2,196 times
    (2,192 since last reset)
  • The average score is 18 of 21

Answer Stats

Hint Answer % Correct
King Robert's brother #1Stannis
98%
What are Drogon, Viserion,
and Rhaegal?
Dragons
96%
King Robert's brother #2Renly
95%
Jon's overweight friendSamwell
95%
Father of Jaime and TyrionTywin
95%
What Sandor Clegane is afraid ofFire
94%
Melisandre's nicknameThe {Red} Lady
94%
Leader of the wildlings{Mance} Rayder
92%
Person who captures WinterfellTheon
92%
Female warrior who escapes
with Catelyn
Brienne of Tarth
91%
Nickname of DavosThe {Onion} Knight
89%
Arya's friendHot {Pie}
89%
House that controls "The Twins"Frey
88%
Joffrey's little brotherTommen
88%
King Joffrey's hand (acting)Tyrion
87%
Night's Watch headquartersCastle Black
87%
Tyrion's paramourShae
82%
Gigantic castle that Arya is taken toHarrenhal
81%
Wildling who marries his daughtersCraster
77%
Catelyn's brother, heir to RiverrunEdmure
76%
Arya's alias (an animal)Weasel
40%

Score Distribution

Percentile by Number Answered

Percent of People with Each Score

Your Score History

You have not taken this quiz since the last reset